Statystyki dla Skróty Warszawskie

Kliknij tutaj aby rozwiązać quiz!

Ogólne statystyki

  • Ten quiz został rozwiązany 44 razy
  • Średni wynik to 10 z 18

Statystyki odpowiedzi

SkrótRozwinięcie% Poprawnych
PKiNPałac Kultury i Nauki
89%
UWUniwersytet Warszawski
89%
ZTMZarząd Transportu Miejskiego
81%
SKMSzybka Kolej Miejska
76%
KMKoleje Mazowieckie
73%
KENKomisja Edukacji Narodowej
70%
SGHSzkoła Główna Handlowa
70%
WKDWarszawska Kolej Dojazdowa
70%
SGGWSzkoła Główna Gospodarstwa Wiejskiego
62%
WUMWarszawski Uniwersytet Medyczny
59%
MZAMiejskie Zakłady Autobusowe
57%
PWPolitechnika Warszawska
57%
WTPWarszawski Transport Publiczny
57%
IMiGWInstytut Meteorologii i Gospodarki Wodnej
49%
STPStacja Techniczno Postojowa
32%
MDMMarszałkowska Dzielnica Mieszkaniowa
19%
MCSMazowieckie Centrum Stomatologii
3%
PKPark Kultury
0%

Rozkład punktacji

Percentyl według liczby udzielonych odpowiedzi

Procent ludzi z każdym wynikiem

Twoja historia wyników

Nie rozwiązałeś tego quizu